000
00280nam a22001097a 4500
082
_a
621.361 JEN'S
100
_a
JENKINS, GWILYM M,WATTS, DONALD G
_9
77006
245
_a
SPECTRAL ANALYSIS AND ITS APPLICATIONS
260
_a
LONDON
_b
HOLDEN DAY
_c
1968
300
_a
525P
942
_c
BK
999
_c
582322
_d
582322